000 02239cam a22005894i 4500
003 PE-LiUPU
005 20250731165356.0
008 090903s2004 mx ad g 000 0 spa d
020 _a9682468728
020 _a9789682468728
035 _a(Sirsi) i9789682468728
040 _aPE-LiUPU
_bspa
_cPE-LiUPU
_erda
049 _aPRUA
082 0 4 _a001.42
_bCh26
100 1 _aChavarría Olarte, Marcela,
_eautor.
245 1 0 _aMetodología para la elaboración de tesis /
_cMarcela Chavarría Olarte, Marveya Villalobos Pérez-Cortés.
247 1 0 _aTésis :
_belaboración y presentación
250 _aSegunda edición.
264 1 _aMéxico :
_bTrillas,
_c2004.
300 _a131 páginas :
_bilustraciones ;
_c23 centímetros
336 _atext
_2rdacontent
337 _aunmediated
_2rdamedia
338 _avolume
_2rdacarrier
504 _aBibliografía : páginas 127-128.
504 _aÍndice.
505 0 _a¿Qué es una tesis? La elección del tema y la definición del título de tesis -- Elaboración del proyecto de tesis -- La fundamentación teórica de una tesis -- La derivación práctica de una tesis -- Investigación documental -- Investigación experimental.
526 _aSEG44
526 _aSEG26
526 _aP151
526 _aP150
526 _aP149
526 _aP146
526 _aP145
526 _aP126
526 _aP125
526 _aP92
526 _aP75
526 _aP74
526 _aP27
526 _aP15
650 4 _aInformes, Redacción de.
650 4 _aInvestigación
_xMetodología.
650 4 _aTesis
_xManuales, etc.
700 1 _aVillalobos Pérez-Cortés, Marveya,
_eautor.
910 _clch
_d20140721
942 _2ddc
_cBOOK
949 _a001.42 CH26
_wDEWEY
_c1
_i70180
_d2016-11-10
_e2016-11-9
_lCCODEBUL1
_mBUL
_n5
_p15.00
_r0
_sY
_tBOOK
_u2015-7-21
_xINGENIERIA
_PP24
_0COMPRA
_o.STAFF. Colección General
994 _aC0
_bPEPRU
596 _a1
999 _a001.42 CH26
_wDEWEY
_c6523
_i70180
_d6523
_e2019-10-24
_f2021-11-4
_g8
_lCCODEBUL1
_mBUL
_n9
_p15.00
_q7
_r0
_sY
_tBOOK
_u2015-7-21
_xBIBLIOTECA
_PP24
_0COMPRA
_o.STAFF. Colección General
980 _81
_gALBERTO SANCHEZ Responsable de Automatización